00618cam a22002171 4500001001300000003000400013005001700017008004100034010002200075025001900097043001200116050001600128100002700144245008200171260003700253300002600290350000900316650003900325610001900364999001700383sa 68015942 DLC20260227112650.0700701s1965 ii a c 00010 eng  asa 68015942 //r85 aPL480:I-E-7059 aa-ii---0 aQL71.I5bP710aPradhan, K. S.,d1918-12aA guide to the zoological galleries [of the Indian Museum]cby K. S. Pradhan.0 aCalcutta,bIndian Museum,c1965. a78 p.billus.c22 cm. a1.15 0aZoologyxCatalogs and collections.20aIndian Museum. c86817d86817